[Event "Haarlem Nova College op-B 12th"]
[Site "Haarlem"]
[Date "2013.06.29"]
[Round "4"]
[White "De Ridder, Naomi"]
[Black "Haver, Sjoerd"]
[Result "1-0"]
[WhiteElo "1792"]
[BlackElo "1727"]
[PlyCount "115"]
[EventDate "2013.06.28"]
[EventType "swiss"]
[EventRounds "6"]
[EventCountry "NED"]
[SourceTitle "EXT 2015"]
[Source "ChessBase"]
[SourceDate "2014.11.20"]
[SourceVersion "1"]
[SourceVersionDate "2014.11.20"]
[SourceQuality "1"]

1. e4 c6 2. d4 d5 3. exd5 cxd5 4. Bd3 Nc6 5. c3 Nf6 6. Bf4 Bg4 7. Qb3 Qd7 8. Nd2 e6 9. Ngf3 Be7 10. Ne5 Qc8 11. 0-0 0-0 12. Qc2 Bh5 13. Rae1 Bg6 14. Nxg6 hxg6 15. Nf3 Qd8 16. Be5 Nxe5 17. Nxe5 Qd6 18. Re3 Nd7 19. Rfe1 Nxe5 20. dxe5 Qd7 21. Rh3 Qe8 22. Ree3 d4 23. cxd4 Qc6 24. Qxc6 bxc6 25. Be4 Rac8 26. Rc3 c5 27. d5 exd5 28. Bxd5 Rfd8 29. Rhd3 c4 30. Rxc4 Rxc4 31. Bxc4 Rxd3 32. Bxd3 Bc5 33. e6 fxe6 34. Bxg6 Kf8 35. Kf1 Ke7 36. f3 Kf6 37. Be4 Ke5 38. Ke2 Kd4 39. h4 Bd6 40. g4 Bg3 41. h5 Bf4 42. Bd3 Kc5 43. Ba6 Kd4 44. Bc8 e5 45. Be6 a5 46. Bf5 Bc1 47. b3 Bf4 48. Kf2 Be3+ 49. Kg3 Bg5 50. Be6 Kd3 51. a3 Kc3 52. Bd5 Kd4 53. Bc6 Be7 54. f4 Bxa3 55. g5 Bc1 56. h6 Bxf4+ 57. Kg4 Bxg5 58. h7 1-0

[Event "Maastricht Limburg op-B 6th"]
[Site "Maastricht"]
[Date "2012.05.26"]
[Round "3"]
[White "De Ridder, Naomi"]
[Black "Van der Velde, Wytse"]
[Result "0-1"]
[WhiteElo "1747"]
[BlackElo "1934"]
[PlyCount "116"]
[EventDate "2012.05.25"]
[EventType "swiss"]
[EventRounds "7"]
[EventCountry "NED"]
[SourceTitle "EXT 2013"]
[Source "ChessBase"]
[SourceDate "2012.11.22"]
[SourceVersion "1"]
[SourceVersionDate "2012.11.22"]
[SourceQuality "1"]

1. e4 e5 2. Nf3 Nc6 3. Bc4 Bc5 4. c3 Nf6 5. d4 exd4 6. cxd4 Bb4+ 7. Nc3 Nxe4 8. 0-0 Bxc3 9. d5 Bf6 10. Re1 Ne7 11. Rxe4 d6 12. Bg5 Bxg5 13. Nxg5 h6 14. Nf3 0-0 15. Nd4 Nf5 16. Nxf5 Bxf5 17. Rf4 Qg5 18. Qd4 Rfe8 19. h4 Qg6 20. f3 Re5 21. g4 Rae8 22. Qxa7 Bd3 23. Qd4 Bb1 24. Qd2 h5 25. Kf2 hxg4 26. Rxg4 Qf5 27. Rg5 Qh7 28. Rg4 Re1 29. Bf1 Qf5 30. Rf4 Rxf1+ 31. Kxf1 Qh3+ 32. Kg1 Qg3+ 33. Kf1 Bd3+ 34. Qxd3 Qxf4 35. Re1 Rxe1+ 36. Kxe1 Qxh4+ 37. Ke2 Kf8 38. Qb5 Qh2+ 39. Ke3 Qe5+ 40. Kf2 Qd4+ 41. Kg3 Qe5+ 42. Kf2 b6 43. Qb3 g6 44. Kg2 Qd4 45. Kg3 Kg8 46. Qb5 Qg1+ 47. Kf4 Qd4+ 48. Kg3 Kg7 49. a4 g5 50. b4 Qg1+ 51. Kh3 Qf2 52. Qd3 Qh4+ 53. Kg2 Qxb4 54. Qc2 Qc5 55. Qf5 Qe3 56. Kf1 Qf4 57. Qd3 g4 58. Qc3+ Qf6 0-1

[Event "Maastricht Limburg op-B 6th"]
[Site "Maastricht"]
[Date "2012.05.26"]
[Round "2"]
[White "Freer, Robert"]
[Black "De Ridder, Naomi"]
[Result "1/2-1/2"]
[WhiteElo "1830"]
[BlackElo "1747"]
[PlyCount "53"]
[EventDate "2012.05.25"]
[EventType "swiss"]
[EventRounds "7"]
[EventCountry "NED"]
[SourceTitle "EXT 2013"]
[Source "ChessBase"]
[SourceDate "2012.11.22"]
[SourceVersion "1"]
[SourceVersionDate "2012.11.22"]
[SourceQuality "1"]

1. e4 e5 2. Nf3 Nc6 3. Bb5 a6 4. Bxc6 dxc6 5. 0-0 Bg4 6. h3 Bxf3 7. Qxf3 Qf6 8. d3 Qxf3 9. gxf3 Ne7 10. Be3 0-0-0 11. Nd2 Ng6 12. Rfb1 Be7 13. b4 h6 14. Kf1 Bg5 15. Ke2 Nf4+ 16. Bxf4 Bxf4 17. Nc4 Rhe8 18. a4 b6 19. Na3 Re6 20. Rg1 Bg5 21. c4 Rg6 22. Nc2 Rdd6 23. Rg2 Be7 24. Rag1 Rxg2 25. Rxg2 g6 26. Rg1 Rf6 27. Ke3 1/2-1/2

[Event "NED-ch U17 Girls"]
[Site "Haarlem"]
[Date "2012.05.01"]
[Round "4"]
[White "Klopstra, Frederieke"]
[Black "De Ridder, Naomi"]
[Result "0-1"]
[WhiteElo "1413"]
[BlackElo "1673"]
[PlyCount "30"]
[EventDate "2012.04.28"]
[EventType "tourn"]
[EventRounds "9"]
[EventCountry "NED"]
[SourceTitle "EXT 2013"]
[Source "ChessBase"]
[SourceDate "2012.11.22"]
[SourceVersion "1"]
[SourceVersionDate "2012.11.22"]
[SourceQuality "1"]

1. e4 e5 2. Nf3 Nc6 3. d4 exd4 4. Nxd4 Bc5 5. Be3 Qf6 6. c3 Nge7 7. Bc4 0-0 8. 0-0 Bb6 9. f4 d5 10. e5 Qh6 11. Bd3 Nxe5 12. fxe5 Qxe3+ 13. Kh1 Bxd4 14. cxd4 Nc6 15. Rf3 Qxd4 0-1

[Event "NED-ch U17 Girls"]
[Site "Haarlem"]
[Date "2012.04.29"]
[Round "2"]
[White "Ratsma, Rosa"]
[Black "De Ridder, Naomi"]
[Result "1-0"]
[WhiteElo "1803"]
[BlackElo "1673"]
[PlyCount "121"]
[EventDate "2012.04.28"]
[EventType "tourn"]
[EventRounds "9"]
[EventCountry "NED"]
[SourceTitle "EXT 2013"]
[Source "ChessBase"]
[SourceDate "2012.11.22"]
[SourceVersion "1"]
[SourceVersionDate "2012.11.22"]
[SourceQuality "1"]

1. e4 e5 2. Nf3 Nc6 3. Bb5 a6 4. Ba4 Nf6 5. 0-0 Be7 6. Re1 b5 7. Bb3 d6 8. c3 0-0 9. h3 Nb8 10. d3 Nbd7 11. Nbd2 Bb7 12. Nf1 Re8 13. Ng3 g6 14. Be3 Bf8 15. Qd2 Bg7 16. Bh6 Nc5 17. Bc2 Ne6 18. Bxg7 Kxg7 19. Ng5 Nxg5 20. Qxg5 Ng8 21. Nf5+ Kh8 22. Qxd8 Raxd8 23. Ne3 Nf6 24. a4 Ra8 25. Ra2 d5 26. axb5 d4 27. Nf1 axb5 28. Rea1 Rxa2 29. Rxa2 Ra8 30. Rxa8+ Bxa8 31. cxd4 exd4 32. Nd2 Nd7 33. Nf3 c5 34. b4 cxb4 35. Nxd4 Nc5 36. Nxb5 b3 37. Bb1 Na4 38. Kf1 Bc6 39. Na3 Nc3 40. Ke1 Kg7 41. Kd2 Na4 42. d4 Bb7 43. f3 Kf6 44. Bd3 Bc6 45. Bb5 Bxb5 46. Nxb5 Nb6 47. Kc3 b2 48. Kxb2 Nc4+ 49. Kc3 Ne3 50. g3 Nf1 51. g4 h5 52. Kd3 Ng3 53. Ke3 h4 54. Nc3 Ke6 55. Kf4 f6 56. g5 f5 57. d5+ Kd6 58. e5+ Kc5 59. d6 Kd4 60. Nb5+ Kd3 61. e6 1-0

[Event "NED-ch U17 Girls"]
[Site "Haarlem"]
[Date "2012.04.28"]
[Round "1"]
[White "De Ridder, Naomi"]
[Black "Beukema, Louise"]
[Result "1-0"]
[WhiteElo "1673"]
[BlackElo "1519"]
[PlyCount "39"]
[EventDate "2012.04.28"]
[EventType "tourn"]
[EventRounds "9"]
[EventCountry "NED"]
[SourceTitle "EXT 2013"]
[Source "ChessBase"]
[SourceDate "2012.11.22"]
[SourceVersion "1"]
[SourceVersionDate "2012.11.22"]
[SourceQuality "1"]

1. e4 e5 2. Nf3 Nf6 3. Nxe5 Qe7 4. Nf3 Nxe4 5. Be2 Qc5 6. 0-0 Bd6 7. d4 Qh5 8. Ne5 Qh4 9. g3 Qf6 10. Ng4 Qg6 11. f3 Nxg3 12. hxg3 h5 13. Bd3 f5 14. Qe1+ Be7 15. Ne5 Qf6 16. Nc3 d6 17. Nd5 Qf8 18. Ng6 Qf7 19. Ndxe7 Rh7 20. Nxc8+ 1-0

[Event "Maastricht Limburg op-B 5th"]
[Site "Maastricht"]
[Date "2011.06.10"]
[Round "1"]
[White "Begri, Felix"]
[Black "De Ridder, Naomi"]
[Result "1-0"]
[WhiteElo "1888"]
[BlackElo "1741"]
[PlyCount "55"]
[EventDate "2011.06.10"]
[EventType "swiss"]
[EventRounds "7"]
[EventCountry "NED"]
[SourceTitle "EXT 2012"]
[Source "ChessBase"]
[SourceDate "2011.11.24"]
[SourceVersion "1"]
[SourceVersionDate "2011.11.24"]
[SourceQuality "1"]

1. d4 d5 2. c4 e6 3. Nf3 Nf6 4. g3 Bb4+ 5. Bd2 Bxd2+ 6. Nbxd2 0-0 7. Bg2 Nbd7 8. 0-0 b6 9. Qc2 Bb7 10. a4 c5 11. dxc5 bxc5 12. a5 Rc8 13. Nh4 Nb8 14. Rfd1 Qc7 15. cxd5 exd5 16. e4 d4 17. Nc4 Na6 18. Nf5 Nb4 19. Qb1 Ba6 20. Ncd6 Rb8 21. e5 Nfd5 22. Qe4 g6 23. Nh6+ Kg7 24. Qh4 f6 25. exf6+ Nxf6 26. Ne4 Nc2 27. Ng5 Nxa1 28. Ne6+ 1-0

[Event "NED-ch U17 Girls"]
[Site "Haarlem"]
[Date "2011.05.07"]
[Round "8"]
[White "Lacourt, Frederique"]
[Black "De Ridder, Naomi"]
[Result "1-0"]
[WhiteElo "1452"]
[BlackElo "1584"]
[PlyCount "103"]
[EventDate "2011.04.30"]
[EventType "swiss"]
[EventRounds "9"]
[EventCountry "NED"]
[SourceTitle "EXT 2012"]
[Source "ChessBase"]
[SourceDate "2011.11.24"]
[SourceVersion "1"]
[SourceVersionDate "2011.11.24"]
[SourceQuality "1"]

1. e4 e5 2. Bc4 Nf6 3. Nc3 Nc6 4. Nf3 Nxe4 5. Nxe4 d5 6. Bxd5 Qxd5 7. d3 Bg4 8. h3 Bh5 9. Nc3 Bb4 10. Bd2 Bxc3 11. Bxc3 0-0-0 12. Qe2 Nd4 13. Bxd4 exd4 14. 0-0 Rhe8 15. Qd1 Re6 16. g4 Bg6 17. Nd2 Rde8 18. Qf3 Qxf3 19. Nxf3 c5 20. Rae1 Re2 21. Rxe2 Rxe2 22. Rc1 f6 23. Nh4 Be8 24. Kf1 Re6 25. c3 dxc3 26. Rxc3 b6 27. Nf5 g6 28. Ng7 Re7 29. Nxe8 Rxe8 30. b4 Kb7 31. bxc5 Rc8 32. d4 bxc5 33. dxc5 Kc6 34. Ra3 Kb7 35. Ra5 a6 36. Ke2 Rd8 37. Ke3 Rd1 38. Ra3 Rd5 39. Rb3+ Kc7 40. Rb6 Rxc5 41. Rxf6 Ra5 42. Rf7+ Kd6 43. Rxh7 Ke6 44. h4 Rxa2 45. h5 gxh5 46. gxh5 a5 47. Ra7 Ra3+ 48. Kf4 Kf6 49. Ra6+ Kg7 50. Kg5 Rf3 51. h6+ Kf8 52. Ra8+ 1-0

[Event "NED-ch U17 Girls"]
[Site "Haarlem"]
[Date "2011.05.04"]
[Round "5"]
[White "De Ridder, Naomi"]
[Black "Dalemans, Diana"]
[Result "1/2-1/2"]
[WhiteElo "1584"]
[BlackElo "1953"]
[PlyCount "78"]
[EventDate "2011.04.30"]
[EventType "swiss"]
[EventRounds "9"]
[EventCountry "NED"]
[SourceTitle "EXT 2012"]
[Source "ChessBase"]
[SourceDate "2011.11.24"]
[SourceVersion "1"]
[SourceVersionDate "2011.11.24"]
[SourceQuality "1"]

1. e4 c5 2. Nf3 Nc6 3. d4 cxd4 4. Nxd4 Nf6 5. Nc3 e5 6. Ndb5 d6 7. Bg5 a6 8. Na3 b5 9. Bxf6 gxf6 10. Nd5 f5 11. c3 Bg7 12. exf5 Bxf5 13. Nc2 0-0 14. Nce3 Be6 15. Bd3 f5 16. 0-0 e4 17. Nf4 Bd7 18. Bc2 Be5 19. Ned5 Qg5 20. g3 Rab8 21. Bb3 Kh8 22. Qh5 Qxh5 23. Nxh5 Be8 24. Nhf4 Bf7 25. Rfd1 Na5 26. Rd2 Bxf4 27. gxf4 Rg8+ 28. Kf1 Rg7 29. Ke2 Rg2 30. Rh1 Rg7 31. Ne3 Bh5+ 32. Ke1 Nxb3 33. axb3 Rbg8 34. Rxd6 Rf7 35. Rd5 Bg6 36. h4 h5 37. Rg1 Rf6 38. Rg5 Rgf8 39. Re5 Kh7 1/2-1/2

[Event "NED-ch U15 Girls"]
[Site "Venlo"]
[Date "2009.04.29"]
[Round "6"]
[White "De Vries, Emma"]
[Black "De Ridder, Naomi"]
[Result "1-0"]
[WhiteElo "1556"]
[BlackElo "1344"]
[PlyCount "127"]
[EventDate "2009.04.24"]
[EventType "swiss"]
[EventRounds "9"]
[EventCountry "NED"]
[SourceTitle "EXT 2013"]
[Source "ChessBase"]
[SourceDate "2012.11.22"]
[SourceVersion "1"]
[SourceVersionDate "2012.11.22"]
[SourceQuality "1"]

1. e4 e5 2. Nf3 Nc6 3. Bb5 Nf6 4. 0-0 Nxe4 5. Re1 Nd6 6. Nxe5 Be7 7. Bxc6 dxc6 8. Nc3 0-0 9. d4 f6 10. Nf3 Bg4 11. h3 Bh5 12. d5 c5 13. Qd3 c4 14. Qe3 Re8 15. Nd4 Bf7 16. Ne6 Bxe6 17. Qxe6+ Kh8 18. Bf4 Bf8 19. Qg4 f5 20. Qf3 g6 21. Re3 Rxe3 22. Qxe3 Qe8 23. Re1 Qxe3 24. Rxe3 a6 25. Be5+ Kg8 26. Na4 b5 27. Nc5 Nf7 28. Ne6 Nxe5 29. Rxe5 Bd6 30. Re3 h6 31. g3 Kf7 32. Kg2 b4 33. c3 a5 34. Kf3 b3 35. a4 Rb8 36. g4 Kf6 37. Nd4 h5 38. gxh5 gxh5 39. h4 Rb6 40. Re6+ Kf7 41. Nxf5 Ba3 42. Re2 Rf6 43. Ke4 Bc5 44. f3 Rg6 45. Ne3 Bxe3 46. Kxe3 c6 47. Kd4 cxd5 48. Kxd5 Rg3 49. Kxc4 Rxf3 50. Kxb3 Rh3 51. Re5 Rxh4 52. Rxa5 Kg6 53. Ra6+ Kg5 54. a5 Rf4 55. Rd6 h4 56. a6 h3 57. a7 Rf8 58. Rd7 Ra8 59. Kb4 Kg6 60. Rd3 h2 61. Rh3 Rxa7 62. Rxh2 Kf6 63. Re2 Rb7+ 64. Ka5 1-0

[Event "NED-ch U13 Girls"]
[Site "Rijswijk"]
[Date "2008.05.03"]
[Round "8"]
[White "De Ridder, Naomi"]
[Black "Lacourt, Frederique"]
[Result "1/2-1/2"]
[WhiteElo "1123"]
[BlackElo "803"]
[PlyCount "88"]
[EventDate "2008.05.01"]
[EventType "swiss"]
[EventRounds "9"]
[EventCountry "NED"]
[SourceTitle "EXT 2010"]
[Source "ChessBase"]
[SourceDate "2010.11.25"]
[SourceVersion "1"]
[SourceVersionDate "2010.11.25"]
[SourceQuality "1"]

1. e4 e5 2. Nf3 Nc6 3. Nc3 Nf6 4. d4 exd4 5. Nxd4 Bc5 6. Be3 Bb4 7. Bg5 0-0 8. Nxc6 bxc6 9. Qf3 d5 10. Bxf6 Qxf6 11. Qxf6 gxf6 12. exd5 cxd5 13. a3 Ba5 14. b4 Bb6 15. Nxd5 Kh8 16. Rd1 Re8+ 17. Be2 Re6 18. a4 Ba6 19. b5 Bb7 20. Nxb6 axb6 21. Rd4 Rae8 22. Rd2 Bxg2 23. Rg1 Bf3 24. Kd1 Bxe2+ 25. Kc1 Ra8 26. Re1 Bg4 27. Rxe6 fxe6 28. Rd4 Bh5 29. Rh4 Bg6 30. Kb2 f5 31. Kb3 Kg7 32. Rc4 Rc8 33. Kb4 e5 34. a5 bxa5+ 35. Kxa5 Ra8+ 36. Kb4 Rc8 37. b6 c6 38. Kc5 Be8 39. Kd6 Kf6 40. b7 Rd8+ 41. Kc7 Rd7+ 42. Kc8 Rxb7 43. Kxb7 f4 44. Rc3 Kf5 1/2-1/2

[Event "NED-ch U13 Girls"]
[Site "Rijswijk"]
[Date "2008.05.02"]
[Round "5"]
[White "De Ridder, Naomi"]
[Black "Ratsma, Rosa"]
[Result "0-1"]
[WhiteElo "1123"]
[BlackElo "1313"]
[PlyCount "70"]
[EventDate "2008.05.01"]
[EventType "swiss"]
[EventRounds "9"]
[EventCountry "NED"]
[SourceTitle "EXT 2010"]
[Source "ChessBase"]
[SourceDate "2010.11.25"]
[SourceVersion "1"]
[SourceVersionDate "2010.11.25"]
[SourceQuality "1"]

1. e4 c5 2. Nf3 d6 3. d4 cxd4 4. Nxd4 Nf6 5. Bb5+ Bd7 6. Nc3 e6 7. Bg5 Be7 8. 0-0 h6 9. Bh4 a6 10. Bc4 Nc6 11. f3 Rc8 12. Bb3 b5 13. a4 b4 14. Nce2 Qc7 15. c3 Rb8 16. Rc1 0-0 17. Re1 Rfe8 18. Qd2 Qb7 19. Red1 a5 20. Nb5 Nxe4 21. fxe4 Bxh4 22. Nxd6 Qa7+ 23. Kh1 Red8 24. Qf4 Bf6 25. Nb5 Qb6 26. Qf3 Ne5 27. Qg3 Bxb5 28. axb5 Qxb5 29. Nd4 Qb6 30. Qf2 bxc3 31. Rxc3 Ng4 32. Qf4 Bxd4 33. Qxg4 Bxc3 34. Rxd8+ Rxd8 35. bxc3 Qxb3 0-1

[Event "NED-ch U13 Girls"]
[Site "Rijswijk"]
[Date "2008.05.02"]
[Round "4"]
[White "Pijloo, Farahdiba"]
[Black "De Ridder, Naomi"]
[Result "0-1"]
[WhiteElo "1216"]
[BlackElo "1123"]
[PlyCount "62"]
[EventDate "2008.05.01"]
[EventType "swiss"]
[EventRounds "9"]
[EventCountry "NED"]
[SourceTitle "EXT 2010"]
[Source "ChessBase"]
[SourceDate "2010.11.25"]
[SourceVersion "1"]
[SourceVersionDate "2010.11.25"]
[SourceQuality "1"]

1. e4 e5 2. Nf3 Nc6 3. d4 exd4 4. Nxd4 Bc5 5. Be3 Bb6 6. f3 Nf6 7. Bc4 d5 8. exd5 Nxd5 9. Bxd5 Qxd5 10. c3 0-0 11. 0-0 Re8 12. Re1 Nxd4 13. Bxd4 Be6 14. Na3 Rad8 15. Nc2 c5 16. Ne3 Qh5 17. g4 Qg6 18. f4 f5 19. Nxf5 Bxf5 20. Rxe8+ Qxe8 21. Qb3+ Be6 22. c4 Rxd4 23. Re1 Qd7 24. f5 Rxg4+ 25. Kf1 Bxc4+ 26. Qxc4+ Rxc4 27. b3 Rf4+ 28. Kg1 c4+ 29. Kg2 Qd2+ 30. Kg3 Qf2+ 31. Kh3 Rh4# 0-1

[Event "Twente Young Master op-D"]
[Site "Twente"]
[Date "2007.08.10"]
[Round "11"]
[White "De Ridder, Naomi"]
[Black "Van Gunsteren, Duleen"]
[Result "1-0"]
[WhiteElo "1096"]
[BlackElo "1155"]
[PlyCount "63"]
[EventDate "2007.08.06"]
[EventType "swiss"]
[EventRounds "13"]
[EventCountry "NED"]
[SourceTitle "EXT 2008"]
[Source "ChessBase"]
[SourceDate "2007.11.25"]
[SourceVersion "1"]
[SourceVersionDate "2007.11.25"]
[SourceQuality "1"]

1. e4 c5 2. Nf3 Nc6 3. Nc3 d6 4. Bb5 Bd7 5. 0-0 a6 6. Bxc6 Bxc6 7. d4 cxd4 8. Nxd4 g6 9. Be3 Nf6 10. Qf3 Bg7 11. Rad1 0-0 12. b3 Rc8 13. Bc1 Bd7 14. Qe3 b5 15. b4 Ng4 16. Qg3 Ne5 17. Bb2 Nc4 18. Bc1 Be5 19. Qd3 Qb6 20. Nf3 Bxc3 21. Qxc3 Ne5 22. Qb3 Nxf3+ 23. Qxf3 Rxc2 24. Qb3 Rc7 25. Qb2 f6 26. Bh6 Rf7 27. Qb3 Rc4 28. Rfe1 Be6 29. a3 Rxe4 30. Qf3 Rxe1+ 31. Rxe1 Bc4 32. Qa8+ 1-0

[Event "NED-ch U13 Girls"]
[Site "Rijswijk"]
[Date "2007.05.17"]
[Round "2"]
[White "De Ridder, Naomi"]
[Black "Koekkoek, Annette"]
[Result "0-1"]
[WhiteElo "982"]
[BlackElo "1195"]
[PlyCount "90"]
[EventDate "2007.05.17"]
[EventType "swiss"]
[EventRounds "9"]
[EventCountry "NED"]
[SourceTitle "EXT 2009"]
[Source "ChessBase"]
[SourceDate "2008.11.26"]
[SourceVersion "1"]
[SourceVersionDate "2008.11.26"]
[SourceQuality "1"]

1. d4 d5 2. Bf4 Nc6 3. e3 a6 4. Bd3 Nf6 5. Nc3 Bg4 6. f3 Be6 7. Nge2 g6 8. 0-0 Bg7 9. e4 0-0 10. e5 Nh5 11. Na4 Nb4 12. c3 Nxd3 13. Qxd3 b5 14. Nc5 c6 15. a4 Qc7 16. axb5 cxb5 17. Rxa6 Rab8 18. Nxe6 fxe6 19. Rxe6 Nxf4 20. Nxf4 Rxf4 21. Ra6 b4 22. Rfa1 Qd8 23. c4 e6 24. Rxe6 Rb6 25. Rxb6 Qxb6 26. Ra8+ Kf7 27. c5 Qb7 28. Ra4 Qd7 29. Rxb4 Rf5 30. Qb3 Kg8 31. Rb7 Qc6 32. g4 Rf4 33. Rb8+ Bf8 34. Qe3 Rf7 35. b4 Rb7 36. Rxb7 Qxb7 37. Qb3 Bh6 38. Qa4 Be3+ 39. Kf1 Bxd4 40. Qe8+ Kg7 41. c6 Qb5+ 42. Kg2 Qe2+ 43. Kh3 Qxf3+ 44. Kh4 Bf2+ 45. Kg5 Qe3# 0-1